Týden v pravdě kuřecí

Bibliographic Details
Main Author: Švejdová, Hana (Author)
Format: Article
Language:Slovak
Czech
Subjects:

MARC

LEADER 00000nab a2200000 a 4500
001 vtls000538453
003 SK-MaSNL
005 20260304095442.0
008 250425c19941995xo 0 slo
015 |a SNBRB19rr/mm-uuuuu 
035 |a CL0538591 
035 |a urn:nbn:sk:snk-abboyn 
035 |a (urnnbn)urn:nbn:sk:snk:ar-007f3n 
035 |a (uuid)6545f7c9-a594-4e31-a46b-af6ef7ff81f7 
040 |a SNKBUCL  |b slo  |c SNKBUCL  |e AACR2 
041 0 |a cze 
044 |a xo  |c SK 
080 |a 373.2  |2 1981 
100 1 |a Švejdová, Hana  |4 aut  |9 1380963 
245 1 0 |a Týden v pravdě kuřecí  |c Hana Švejdová 
650 0 7 |a predškolská výchova  |2 snkbucl  |9 3959 
655 7 |a články z novín a časopisov  |2 snkbucl  |9 267496 
773 0 |t Predškolská výchova  |g Roč. 49, č. 7-8 (1994/1995), s. 5-8 
850 |a Slovenská národná knižnica 
852 |a Slovenská národná knižnica 
958 |a article15 
958 |a RK 
958 |a OND 
958 |a EUIPO 
992 |a RBX 
999 |c 2832849  |d 2834779